| 000 | 00913nam a2200289 a 4500 | ||
|---|---|---|---|
| 001 | vtls001470987 | ||
| 003 | NLI | ||
| 005 | 20210627130746.0 | ||
| 008 | 121201s1978 dcu f000 0 eng | ||
| 039 | 9 |
_y201212011901 _zVLOAD |
|
| 040 |
_aNLI _beng _cDatasoft_FOD _eAACR2 |
||
| 041 | 0 | _aeng | |
| 044 | _a dcu | ||
| 082 | 0 | 4 | _a 620.112 |
| 100 | 0 |
_aGreen. L. James _91027050 |
|
| 245 | 1 | 0 |
_aLiterature review elastic constants for airport pavement metcrials / _cJames L. Green |
| 260 |
_aWashington, D.C. : _bFederal Aviation Administration, _c1978 |
||
| 300 |
_a138 p. ; _c26 cm. |
||
| 650 | 0 |
_aElastic plates and shells _9978839 |
|
| 650 | 0 |
_aMaterials _xCreep _9977620 |
|
| 710 | 1 |
_aUnited States. _bDepartment of Transportation |
|
| 887 | _a | ||
| 901 |
_aAD 116399 _b12.10.2010 |
||
| 902 | _aU.S 620.112 G 823 | ||
| 949 |
_AVIRTUAITEM _D10002 _X100 _6FOD000116399ENG |
||
| 942 |
_2ddc _cBKS |
||
| 999 |
_aVIRTUA40 _c922012 _d922012 |
||